wife - mitski lyrics - Statistics

General Stats
  • This quiz has been taken 103 times
  • The average score is 111 of 131
Answer Stats
Answer % Correct
a
100%
you
100%
chorus 1 | chorus 2 | verse 2 i
97%
i?
97%
i,
97%
me
97%
me,
97%
so
97%
to
95%
am
94%
cannot
92%
for
91%
son
91%
what
91%
if
89%
my
89%
try
89%
yours,
89%
but
88%
i'm
88%
not
88%
of
88%
verse 1 you're
88%
bear
86%
have,
86%
have
86%
home,
86%
home
86%
leave
86%
give
85%
looking
85%
down
83%
even
83%
name
83%
on
82%
own
82%
will
82%
at
80%
cliff
78%
cliff,
78%
the
78%
tried
78%
daydream
77%
here
77%
i'd
77%
him
75%
dream
71%
it
69%
disappear
68%
let
68%
map
68%
one
68%
go
66%
morning
66%
unknown
66%
from
65%
hope
65%
is
65%
mine,
65%
mine
65%
won't
65%
breaking,
62%
breaking
62%
star
62%
towards
62%
watch
62%
with
51%
away
48%
loan
12%
No matching quizzes found
Score Distribution
Percent of People with Each Score
Percentile by Number Answered
Your Score History
You have not taken this quiz